000 00474nam a2200181Ia 4500
008 151202s9999||||xx |||||||||||||| ||und||
082 _bPNVM-23464
100 _aआपटे हरि नारायण.
245 _aआजच.
260 _b---
260 _c0
300 _a0
600 _aआपटे हरि नारायण.
630 _aआजच.
700 _aआपटे हरि नारायण.
730 _aआजच.
942 _cBOOK
999 _c1289439
_d1289436